[Event "Fide Inter Con Cup U18"]
[Site "Tornelo INT"]
[Date "2020.10.10"]
[Round "6"]
[White "Gibson, Amy Leigh"]
[Black "Shukhman, Anna"]
[Result "0-1"]
[WhiteElo "1166"]
[BlackElo "1683"]
[PlyCount "110"]
[EventDate "2020.10.10"]
[EventType "swiss (rapid)"]
[EventRounds "6"]
[EventCountry "NET"]
[SourceTitle "EXT 2022"]
[Source "ChessBase"]
[SourceDate "2021.10.06"]
[SourceVersion "1"]
[SourceVersionDate "2021.10.06"]
[SourceQuality "1"]

1. e4 c5 2. Nf3 e6 3. d4 cxd4 4. Nxd4 Nf6 5. Nc3 Nc6 6. Be3 Bb4 7. Be2 Nxe4 8. Nxc6 bxc6 9. Bd2 Nxd2 10. Qxd2 d5 11. a3 Bd6 12. 0-0 0-0 13. Bg4 Qh4 14. Bh3 Rb8 15. Rab1 Ba6 16. Rfe1 e5 17. Bd7 Bb7 18. Qd3 e4 19. Qh3 Qxh3 20. Bxh3 f5 21. Ne2 g5 22. g3 Be5 23. b4 Ba6 24. Rb3 Bc4 25. Rbb1 a5 26. Bf1 axb4 27. Rxb4 Rxb4 28. axb4 Ra8 29. Rc1 Ra1 30. Rxa1 Bxa1 31. Nc1 Bxf1 32. Kxf1 Bc3 33. Na2 Be5 34. Ke2 Kf7 35. f3 Ke6 36. Nc1 Kd6 37. Nb3 Bc3 38. Ke3 Bxb4 39. Nd4 Bc5 40. c3 Bxd4+ 41. cxd4 c5 42. h3 cxd4+ 43. Kxd4 exf3 44. Ke3 g4 45. hxg4 fxg4 46. Kf2 d4 47. Ke1 d3 48. Kf2 d2 49. Ke3 d1Q 50. Kf4 f2 51. Ke3 Qe1+ 52. Kf4 f1Q+ 53. Kxg4 Qe4+ 54. Kh5 Qg6+ 55. Kh4 Qh1# 0-1